| 000 | 00469nam a2200205Ia 4500 | ||
|---|---|---|---|
| 999 |
_c1931 _d1931 |
||
| 003 | 0100 | ||
| 005 | 20180228145530.0 | ||
| 008 | 130227s9999 xx 000 0 und d | ||
| 040 | _cARRUPELIB | ||
| 050 | _aBX2179.L7B197 | ||
| 100 |
_aIgnatius of Loyola, St. _914828 |
||
| 245 | _aDie Exerzitien | ||
| 260 | _aEinsiedeln | ||
| 260 |
_bJohannes Verlag _c1959 |
||
| 300 | _a96p | ||
| 300 | _b 19cm | ||
| 440 |
_aSigillum n.1 _939809 |
||
| 650 |
_aSpiritual Exercises _xText _98217 |
||
| 700 |
_aBalthasar, Hans Urs von (tr) _939810 |
||
| 942 |
_2lcc _cMONOGRAPH |
||